000 00258nam a22001097a 4500
082 _a823
_bOLS/R
100 _aC- OLSON, MARY
245 _aRACE DOWN THE MOUNTAIN
260 _aNEW YORK
_bGOLDEN BOOK
_c1987
650 _aENGLISH STORY
_zUNITED STATES
942 _cBK
999 _c7585
_d7585